Sri ramana sahasranama stuti / (Record no. 133055)

MARC details
000 -LEADER
fixed length control field 00864nam a22002657a 4500
003 - CONTROL NUMBER IDENTIFIER
control field dpl
005 - DATE AND TIME OF LATEST TRANSACTION
control field 20180811122159.0
008 - FIXED-LENGTH DATA ELEMENTS--GENERAL INFORMATION
fixed length control field 180811b xxu||||| |||| 00| 0 eng d
010 ## - LIBRARY OF CONGRESS CONTROL NUMBER
LC control number A-903904
020 ## - INTERNATIONAL STANDARD BOOK NUMBER
Terms of availability 145.00
International Standard Book Number 8185378606
035 ## - SYSTEM CONTROL NUMBER
System control number A-903904, A-903905
037 ## - SOURCE OF ACQUISITION
Source of stock number/acquisition Cen Lib/Ret
040 ## - CATALOGING SOURCE
Original cataloging agency DPL
Language of cataloging EN
Transcribing agency 0
082 ## - DEWEY DECIMAL CLASSIFICATION NUMBER
Classification number 181.499
Item number SAS
100 ## - MAIN ENTRY--PERSONAL NAME
Personal name Sastri, Jagdeeswara
9 (RLIN) 36666
245 ## - TITLE STATEMENT
Title Sri ramana sahasranama stuti /
Statement of responsibility, etc by Jagdeeswara Sastri;translated by A.R. Natrajan [and ] Sarda
260 ## - PUBLICATION, DISTRIBUTION, ETC. (IMPRINT)
Place of publication, distribution, etc Bangalore
Name of publisher, distributor, etc Ramana Maharashi Center For Learning
270 ## - ADDRESS
Address 40/41, 2nd Cross Lower Palace Orchards
City Bangalore
Postal code 560003
300 ## - PHYSICAL DESCRIPTION
Extent xi,299p.
Dimensions 21cmpbk)
650 ## - SUBJECT ADDED ENTRY--TOPICAL TERM
Topical term or geographic name as entry element Hindu Religion
9 (RLIN) 36667
650 ## - SUBJECT ADDED ENTRY--TOPICAL TERM
Topical term or geographic name as entry element Sahasranama
9 (RLIN) 36668
700 ## - ADDED ENTRY--PERSONAL NAME
9 (RLIN) 9747
Personal name Natrajan, A.R.
700 ## - ADDED ENTRY--PERSONAL NAME
Personal name Sarda
9 (RLIN) 36665
942 ## - ADDED ENTRY ELEMENTS (KOHA)
Source of classification or shelving scheme Dewey Decimal Classification
Koha item type English Books
Classification part 181.499
Call number suffix SAS
Holdings
Withdrawn status Lost status Damaged status Not for loan Home library Current library Date acquired Source of acquisition Cost, normal purchase price Total Checkouts Full call number Barcode Date last seen Copy number Cost, replacement price Price effective from Koha item type Source of classification or shelving scheme Collection code
        Central Library Central Library 24/07/2015 Cen Lib/Ret 145.00   181.499 SAS A-903904 24/07/2015 1 145.00 24/07/2015 English Books    
        Shahdara Branch Shahdara Branch 11/08/2018 BPPD/PUB 145.00   181.499 SAS A-903905 11/08/2018   145.00 11/08/2018 English Books Dewey Decimal Classification Non-fiction

© Delhi Public Library
Hit Counter
free hit counter